[Event "5. Aberto Vila de Marín"]
[Site "Marin ESP"]
[Date "2005.08.27"]
[Round "7.5"]
[White "Cebrian Ramos, Jose Luis"]
[Black "Iotov, Valentin"]
[Result "0-1"]
[WhiteElo "2115"]
[BlackElo "2447"]
[PlyCount "62"]
[EventDate "2005.08.21"]
[EventType "swiss"]
[EventRounds "9"]
[EventCountry "ESP"]
[Source "lmi"]
[SourceDate "2005.08.30"]

1. d4 Nf6 2. c4 e6 3. Nf3 b6 4. Bg5 Bb4+ 5. Nbd2 Bb7 6. a3 Bxd2+ 7. Qxd2 h6 8.
Bh4 d6 9. e3 Nbd7 10. Be2 Qe7 11. Qc2 g5 12. Bg3 Ne4 13. Bd3 f5 14. Bxe4 Bxe4
15. Qe2 Bb7 16. O-O-O O-O-O 17. Rhg1 Nf6 18. Nd2 e5 19. dxe5 dxe5 20. f3 h5 21.
Nb3 Rxd1+ 22. Rxd1 h4 23. Be1 h3 24. g4 fxg4 25. fxg4 Qe6 26. Bg3 Nxg4 27. Qd3
Nf6 28. c5 Ne4 29. Bxe5 Qxe5 30. Qd7+ Kb8 31. c6 Bc8 0-1

[Event "5. Aberto Vila de Marín"]
[Site "Marin ESP"]
[Date "2005.08.27"]
[Round "7.6"]
[White "Garcia Carbo, Marcial"]
[Black "Diaz Nuñez, Adolfo"]
[Result "1/2-1/2"]
[WhiteElo "2355"]
[BlackElo "2205"]
[PlyCount "45"]
[EventDate "2005.08.21"]
[EventType "swiss"]
[EventRounds "9"]
[EventCountry "ESP"]
[Source "lmi"]
[SourceDate "2005.08.30"]

1. e4 c6 2. d4 d5 3. Nd2 dxe4 4. Nxe4 Bf5 5. Ng3 Bg6 6. h4 h6 7. Nf3 Nd7 8. h5
Bh7 9. Bd3 Bxd3 10. Qxd3 e6 11. Bd2 Ngf6 12. O-O-O Be7 13. Qe2 O-O 14. Ne5 c5
15. dxc5 Bxc5 16. Nxd7 Qxd7 17. Kb1 Qd4 18. Rhf1 Qh4 19. Bc3 Rad8 20. Qf3 Qg4
21. Rd3 Qxf3 22. Rxf3 Be7 23. Re3 1/2-1/2

[Event "5. Aberto Vila de Marín"]
[Site "Marin ESP"]
[Date "2005.08.27"]
[Round "7.7"]
[White "Perez Fungueiro, Manuel"]
[Black "Sanchez Aller, Fernando"]
[Result "1/2-1/2"]
[WhiteElo "2300"]
[BlackElo "2261"]
[PlyCount "91"]
[EventDate "2005.08.21"]
[EventType "swiss"]
[EventRounds "9"]
[EventCountry "ESP"]
[Source "lmi"]
[SourceDate "2005.08.30"]

1. c4 c5 2. g3 g6 3. Bg2 Bg7 4. Nc3 Nc6 5. a3 e6 6. b4 d6 7. bxc5 dxc5 8. Bb2
Nge7 9. Nf3 O-O 10. O-O b6 11. Rb1 Bb7 12. Na4 Bxb2 13. Rxb2 Rb8 14. d3 Qd7 15.
Nd2 f5 16. Nb3 Ba8 17. Nc3 Nd4 18. Bxa8 Rxa8 19. a4 Nec6 20. Nb5 Nxb3 21. Rxb3
e5 22. f3 Rad8 23. Nc3 Nb4 24. a5 bxa5 25. Ra3 Rf6 26. Kg2 Ra6 27. Qa4 Qxa4 28.
Rxa4 Nc6 29. Rb1 Rb6 30. Rb5 Nd4 31. Rbxa5 Rb2 32. Ra2 Rxa2 33. Rxa2 Rd7 34.
Rb2 Kf7 35. Na4 Rc7 36. e3 Ne6 37. Nc3 a5 38. Kf2 Ra7 39. Na4 Ke7 40. Ke2 f4
41. Rb5 h5 42. Nb6 Ra6 43. Na4 Ra7 44. Nb6 Ra6 45. Na4 Ra7 46. Nb6 1/2-1/2

[Event "5. Aberto Vila de Marín"]
[Site "Marin ESP"]
[Date "2005.08.27"]
[Round "7.8"]
[White "Carril Gonzalez, Angel"]
[Black "De la Fuente Arias, Fernando"]
[Result "0-1"]
[WhiteElo "2110"]
[BlackElo "2185"]
[PlyCount "66"]
[EventDate "2005.08.21"]
[EventType "swiss"]
[EventRounds "9"]
[EventCountry "ESP"]
[Source "lmi"]
[SourceDate "2005.08.30"]

1. c4 e6 2. g3 d5 3. cxd5 exd5 4. Bg2 Nf6 5. Nf3 Be7 6. O-O O-O 7. d4 c6 8. Nc3
Bf5 9. Bg5 Nbd7 10. Qd2 Re8 11. Rad1 h6 12. Bf4 Nb6 13. Ne5 Nc8 14. f3 Nd6 15.
g4 Bh7 16. g5 hxg5 17. Bxg5 Nh5 18. Bxe7 Qxe7 19. e4 f6 20. Ng4 f5 21. e5 Nc4
22. Qc1 Qh4 23. Ne3 Nxe3 24. Qxe3 f4 25. Qd2 Bf5 26. Rf2 Re6 27. Ne2 Rg6 28.
Qb4 Re8 29. Qxb7 Ree6 30. Rd2 Rxg2+ 31. Kxg2 Bh3+ 32. Kg1 Rg6+ 33. Ng3 fxg3 0-1

[Event "5. Aberto Vila de Marín"]
[Site "Marin ESP"]
[Date "2005.08.27"]
[Round "7.9"]
[White "Salgado Gonzalez, Julio"]
[Black "Sande Edreira, Jose"]
[Result "0-1"]
[WhiteElo "1985"]
[BlackElo "2264"]
[PlyCount "71"]
[EventDate "2005.08.21"]
[EventType "swiss"]
[EventRounds "9"]
[EventCountry "ESP"]
[Source "lmi"]
[SourceDate "2005.08.30"]

1. d4 d6 2. Nf3 Nd7 3. Bf4 g6 4. Nbd2 Bg7 5. e3 e5 6. Bg3 Ne7 7. c3 O-O 8. Be2
Nf5 9. Qc2 c5 10. d5 a6 11. e4 Nxg3 12. hxg3 b5 13. a4 Rb8 14. axb5 axb5 15.
O-O Qb6 16. c4 b4 17. Nb3 Bb7 18. Rfb1 Nf6 19. Nfd2 Bh6 20. Bf3 Bg5 21. Qd1 h5
22. Ra4 h4 23. g4 Ra8 24. Rba1 Rxa4 25. Rxa4 Bc8 26. Ra8 Qb7 27. Qa1 Bxg4 28.
Rxf8+ Kxf8 29. Qa4 Kg7 30. Qb5 Qa7 31. Bxg4 Nxg4 32. Nf1 Qe7 33. Nbd2 Bxd2 34.
Nxd2 Qf6 35. Nf3 Qf4 36. Kf1 0-1

[Event "5. Aberto Vila de Marín"]
[Site "Marin ESP"]
[Date "2005.08.27"]
[Round "7.10"]
[White "Guaza Garcia, Jose Alejandro"]
[Black "Rodriguez Lopez, Rafael"]
[Result "0-1"]
[WhiteElo "1970"]
[BlackElo "2230"]
[PlyCount "94"]
[EventDate "2005.08.21"]
[EventType "swiss"]
[EventRounds "9"]
[EventCountry "ESP"]
[Source "lmi"]
[SourceDate "2005.08.30"]

1. d4 Nf6 2. c4 e6 3. Nc3 Bb4 4. Qc2 c5 5. e3 cxd4 6. exd4 Nc6 7. Nf3 d5 8. c5
Ne4 9. Bd3 f5 10. O-O O-O 11. Bf4 g5 12. Bxe4 fxe4 13. Bxg5 Nxd4 14. Qd2 Nxf3+
15. gxf3 Qd7 16. Bh6 Rf6 17. Kh1 Rg6 18. fxe4 d4 19. Qf4 Bxc5 20. Rg1 dxc3 21.
Rad1 Qe7 22. Rxg6+ hxg6 23. Qe5 Bd7 24. Bg5 c2 25. Rd3 Rc8 26. Bxe7 c1=Q+ 27.
Kg2 Bxe7 28. Rxd7 Qg5+ 29. Qxg5 Bxg5 30. Rxb7 Rc2 31. Kg3 e5 32. h3 a5 33. Ra7
Bd2 34. Rb7 Be1 35. Kg4 Bxf2 36. Kg5 Bd4 37. Kxg6 Rg2+ 38. Kf5 Bxb2 39. a4 Bd4
40. Rb5 Kg7 41. Ke6 Rg6+ 42. Kd5 Ra6 43. Rb7+ Kg6 44. h4 Kh5 45. Rh7+ Kg4 46.
Rh8 Ra7 47. Rh6 Rc7 0-1

[Event "5. Aberto Vila de Marín"]
[Site "Marin ESP"]
[Date "2005.08.28"]
[Round "8.1"]
[White "Hernandez, Holden"]
[Black "Astaneh Lopez, Alex"]
[Result "1/2-1/2"]
[WhiteElo "2458"]
[BlackElo "2304"]
[PlyCount "96"]
[EventDate "2005.08.21"]
[EventType "swiss"]
[EventRounds "9"]
[EventCountry "ESP"]
[Source "lmi"]
[SourceDate "2005.08.30"]

1. e4 c5 2. Nf3 d6 3. d4 cxd4 4. Nxd4 Nf6 5. Nc3 a6 6. a4 e5 7. Nf3 Qc7 8. Bg5
Nbd7 9. Nd2 h6 10. Bxf6 Nxf6 11. Bc4 Be6 12. Bb3 Be7 13. Nf1 Qa5 14. Ng3 O-O
15. O-O Rad8 16. Nh5 Qb4 17. Nxf6+ Bxf6 18. a5 Rc8 19. Ra4 Qc5 20. Nd5 Bd8 21.
Qd2 Kh8 22. Rfa1 f5 23. Rc4 Qxc4 24. Bxc4 Rxc4 25. exf5 Bxf5 26. c3 Be6 27. b3
Rc5 28. c4 Bxd5 29. cxd5 Rb5 30. b4 Bg5 31. Qa2 Rc8 32. g3 Rxb4 33. h4 Bd8 34.
Re1 Rb5 35. Re3 Bxa5 36. Rf3 e4 37. Rf7 Bc3 38. Qc2 Rb4 39. Rd7 Rbc4 40. Rxd6
a5 41. Re6 Bf6 42. Qe2 Rd4 43. Qh5 Rf8 44. g4 a4 45. g5 Rxd5 46. Rxf6 gxf6 47.
Qxh6+ Kg8 48. Qg6+ Kh8 1/2-1/2

[Event "5. Aberto Vila de Marín"]
[Site "Marin ESP"]
[Date "2005.08.28"]
[Round "8.3"]
[White "Manolache, Marius"]
[Black "Iotov, Valentin"]
[Result "1-0"]
[WhiteElo "2462"]
[BlackElo "2447"]
[PlyCount "91"]
[EventDate "2005.08.21"]
[EventType "swiss"]
[EventRounds "9"]
[EventCountry "ESP"]
[Source "lmi"]
[SourceDate "2005.08.30"]

1. d4 Nf6 2. c4 e6 3. Nf3 b6 4. g3 Ba6 5. b3 Bb7 6. Bg2 Bb4+ 7. Bd2 a5 8. O-O
O-O 9. Qc2 d6 10. Nc3 Nbd7 11. Rfe1 Bxc3 12. Bxc3 Be4 13. Qb2 c6 14. a4 d5 15.
Rac1 h6 16. Red1 Bh7 17. Ne5 Nxe5 18. dxe5 Nd7 19. cxd5 cxd5 20. Bd4 Qb8 21.
Bf1 b5 22. axb5 Qxb5 23. e4 Qb7 24. exd5 Qxd5 25. Bc5 Qxe5 26. Qxe5 Nxe5 27.
Bxf8 Kxf8 28. Rc3 Ra7 29. f4 Nd7 30. Bg2 Ke7 31. Ra1 Bf5 32. Rc8 f6 33. Rc6 Bd3
34. Bh3 f5 35. Re1 Nf8 36. Bg2 a4 37. Ra1 Bb5 38. Rc5 Be8 39. b4 Ra6 40. b5 Rb6
41. Bf1 Nd7 42. Rc4 Kd6 43. Rc8 Rb8 44. Rd1+ Ke7 45. Rxd7+ Bxd7 46. Rxb8 1-0

[Event "5. Aberto Vila de Marín"]
[Site "Marin ESP"]
[Date "2005.08.28"]
[Round "8.5"]
[White "Quidiello Prado, Manuel R"]
[Black "Garcia Castro, Pablo"]
[Result "0-1"]
[WhiteElo "2149"]
[BlackElo "2377"]
[PlyCount "92"]
[EventDate "2005.08.21"]
[EventType "swiss"]
[EventRounds "9"]
[EventCountry "ESP"]
[Source "lmi"]
[SourceDate "2005.08.30"]

1. d4 Nf6 2. c4 e5 3. dxe5 Ne4 4. a3 d6 5. Qc2 Nc5 6. b4 Ne6 7. exd6 Bxd6 8.
Nf3 O-O 9. e3 a5 10. c5 Be7 11. Bb2 Na6 12. Qb3 b6 13. cxb6 axb4 14. axb4 Bxb4+
15. Nc3 Nec5 16. Qc2 Bb7 17. Be2 Be4 18. Qd2 Qc8 19. Nd4 Rd8 20. O-O cxb6 21.
Rfc1 Qb7 22. f3 Nb3 23. Nxb3 Rxd2 24. Nxd2 Bc6 25. Nb3 Nc5 26. Nd4 Bd7 27.
Rxa8+ Qxa8 28. Ra1 Qe8 29. Nd5 Ba5 30. Kf2 h6 31. Ba3 Qe5 32. Bc4 Qxh2 33. Ne7+
Kh7 34. Nef5 Bxf5 35. Nxf5 Qe5 36. Nd4 Bd2 37. Bxc5 Qxe3+ 38. Kf1 bxc5 39. Nb3
Bc3 40. Rd1 h5 41. Bxf7 h4 42. Bd5 Kh6 43. Be4 c4 44. Rd6+ Kh5 45. Rd5+ g5 46.
g4+ hxg3 0-1

[Event "5. Aberto Vila de Marín"]
[Site "Marin ESP"]
[Date "2005.08.28"]
[Round "8.6"]
[White "Rodriguez Lopez, Rafael"]
[Black "Garcia Carbo, Marcial"]
[Result "1-0"]
[WhiteElo "2230"]
[BlackElo "2355"]
[PlyCount "69"]
[EventDate "2005.08.21"]
[EventType "swiss"]
[EventRounds "9"]
[EventCountry "ESP"]
[Source "lmi"]
[SourceDate "2005.08.30"]

1. c4 e5 2. a3 Nc6 3. b4 g6 4. Bb2 Bg7 5. Nf3 Nge7 6. e3 d6 7. d3 a6 8. Nc3 O-O
9. Be2 h6 10. O-O Be6 11. Re1 g5 12. Rb1 g4 13. Nd2 Qd7 14. Ba1 f5 15. Bf1 Ng6
16. Nb3 f4 17. d4 fxe3 18. fxe3 exd4 19. exd4 Bf5 20. Rc1 h5 21. Qd2 h4 22. Nd5
Kh7 23. Qg5 Bh6 24. Qh5 g3 25. h3 Qf7 26. Be2 Kg7 27. Rcd1 Bxh3 28. Rf1 Qd7 29.
Bd3 Nh8 30. Qxh4 Bg4 31. Qxg3 Ng6 32. Rde1 Bg5 33. Ne3 Rae8 34. d5+ Nce5 35.
Nxg4 1-0

[Event "5. Aberto Vila de Marín"]
[Site "Marin ESP"]
[Date "2005.08.28"]
[Round "8.7"]
[White "De la Fuente Arias, Fernando"]
[Black "Perez Fungueiro, Manuel"]
[Result "1/2-1/2"]
[WhiteElo "2185"]
[BlackElo "2300"]
[PlyCount "42"]
[EventDate "2005.08.21"]
[EventType "swiss"]
[EventRounds "9"]
[EventCountry "ESP"]
[Source "lmi"]
[SourceDate "2005.08.30"]

1. e4 c5 2. Nf3 e6 3. d4 cxd4 4. Nxd4 a6 5. Nc3 b5 6. Be2 Bb7 7. Bf3 Qc7 8. O-O
Nc6 9. Nxc6 dxc6 10. a4 b4 11. Nb1 Bd6 12. h3 Rd8 13. Qe1 Ne7 14. Nd2 Ng6 15.
Nc4 O-O 16. Be3 c5 17. Nxd6 Rxd6 18. Qe2 Rfd8 19. Rad1 Ne5 20. Bf4 Rd4 21. c3
bxc3 1/2-1/2

[Event "5. Aberto Vila de Marín"]
[Site "Marin ESP"]
[Date "2005.08.28"]
[Round "8.8"]
[White "Sande Edreira, Jose"]
[Black "Sanchez Juncal, Benito"]
[Result "1-0"]
[WhiteElo "2264"]
[BlackElo "2221"]
[PlyCount "95"]
[EventDate "2005.08.21"]
[EventType "swiss"]
[EventRounds "9"]
[EventCountry "ESP"]
[Source "lmi"]
[SourceDate "2005.08.30"]

1. e4 e5 2. Bc4 Nc6 3. Nc3 Bc5 4. Qg4 g6 5. Qf3 Nf6 6. Nge2 d6 7. h3 Be6 8. d3
h6 9. Nd5 Bxd5 10. exd5 Nd4 11. Nxd4 Bxd4 12. c3 Bb6 13. a4 a5 14. O-O Nh5 15.
Bb5+ Kf8 16. Be3 Ba7 17. g4 Qf6 18. Qe4 Nf4 19. Bxf4 exf4 20. Kg2 h5 21. Rh1
Kg7 22. Kf3 hxg4+ 23. hxg4 g5 24. d4 Rh6 25. Rh5 Rah8 26. Rah1 Qg6 27. Qxg6+
Kxg6 28. Bd3+ Kg7 29. Rxg5+ Kf8 30. Rgh5 Rxh5 31. gxh5 Kg7 32. Kxf4 c5 33. dxc6
bxc6 34. Kg5 Rh6 35. Re1 Bb6 36. Re8 d5 37. f4 Rd6 38. Ra8 Bd8+ 39. Kg4 Kh6 40.
Ra6 Rf6 41. Bf5 Kg7 42. Bd7 Rd6 43. Bxc6 Re6 44. Bb7 Bc7 45. Rxe6 fxe6 46. f5
Kf6 47. fxe6 Kxe6 48. Kg5 1-0

[Event "5. Aberto Vila de Marín"]
[Site "Marin ESP"]
[Date "2005.08.28"]
[Round "8.9"]
[White "Sanchez Aller, Fernando"]
[Black "Huerga Leache, Mikel"]
[Result "1/2-1/2"]
[WhiteElo "2261"]
[BlackElo "2176"]
[PlyCount "96"]
[EventDate "2005.08.21"]
[EventType "swiss"]
[EventRounds "9"]
[EventCountry "ESP"]
[Source "lmi"]
[SourceDate "2005.08.30"]

1. e4 c5 2. Nf3 e6 3. d4 cxd4 4. Nxd4 Nf6 5. Nc3 Nc6 6. Ndb5 d6 7. Bf4 e5 8.
Bg5 a6 9. Na3 b5 10. Bxf6 gxf6 11. Nd5 f5 12. c3 Bg7 13. exf5 Bxf5 14. Nc2 Be6
15. Nce3 Ne7 16. Nxe7 Qxe7 17. Be2 O-O 18. Bf3 Rac8 19. Bd5 Rc5 20. O-O Bxd5
21. Nxd5 Qe6 22. Ne3 d5 23. b4 Rxc3 24. Qxd5 Qxd5 25. Nxd5 Rc4 26. Rad1 Re8 27.
Rc1 Rd8 28. Rxc4 bxc4 29. Ne3 c3 30. Rc1 Rd3 31. Kf1 Bh6 32. Ke2 Bxe3 33. fxe3
Rd2+ 34. Kf3 Rxa2 35. Rxc3 Rb2 36. Rc6 Rxb4 37. Rxa6 Kg7 38. g4 f6 39. h4 h5
40. g5 fxg5 41. hxg5 Rg4 42. Ra1 Kg6 43. Ra6+ Kxg5 44. Re6 Kf5 45. Rh6 e4+ 46.
Kf2 Kg5 47. Rh8 Kh4 48. Rh7 Kg5 1/2-1/2

[Event "5. Aberto Vila de Marín"]
[Site "Marin ESP"]
[Date "2005.08.28"]
[Round "8.10"]
[White "Diaz Nuñez, Adolfo"]
[Black "Cebrian Ramos, Jose Luis"]
[Result "1-0"]
[WhiteElo "2205"]
[BlackElo "2115"]
[PlyCount "70"]
[EventDate "2005.08.21"]
[EventType "swiss"]
[EventRounds "9"]
[EventCountry "ESP"]
[Source "lmi"]
[SourceDate "2005.08.30"]

1. Nf3 c5 2. c4 Nf6 3. Nc3 Nc6 4. g3 d5 5. d4 e6 6. cxd5 Nxd5 7. Bg2 Nxc3 8.
bxc3 cxd4 9. Nxd4 Nxd4 10. Qxd4 Be7 11. Qxd8+ Bxd8 12. O-O O-O 13. Rb1 Bb6 14.
Ba3 Rd8 15. c4 Rb8 16. Rfd1 Rxd1+ 17. Rxd1 Bc7 18. Bd6 Bxd6 19. Rxd6 Kf8 20.
Rd8+ Ke7 21. Rg8 b6 22. f4 g6 23. e4 Kd6 24. e5+ Kc5 25. Rf8 Kxc4 26. Bf1+ Kb4
27. Ba6 Ka3 28. Rxc8 Rxc8 29. Bxc8 Kxa2 30. Bd7 a5 31. Be8 Ka3 32. Bxf7 b5 33.
Bxe6 b4 34. Bd5 a4 35. e6 b3 1-0

[Event "5. Aberto Vila de Marín"]
[Site "Marin ESP"]
[Date "2005.08.29"]
[Round "9.1"]
[White "Manolache, Marius"]
[Black "Hernandez, Holden"]
[Result "1/2-1/2"]
[WhiteElo "2462"]
[BlackElo "2475"]
[PlyCount "20"]
[EventDate "2005.08.21"]
[EventType "swiss"]
[EventRounds "9"]
[EventCountry "ESP"]
[Source "lmi"]
[SourceDate "2005.08.30"]

1. d4 d5 2. c4 c6 3. cxd5 cxd5 4. Nc3 Nc6 5. Nf3 Nf6 6. Bf4 Bf5 7. e3 e6 8. Rc1
Qb6 9. Bb5 Bb4 10. O-O Bxc3 1/2-1/2

[Event "5. Aberto Vila de Marín"]
[Site "Marin ESP"]
[Date "2005.08.29"]
[Round "9.3"]
[White "Nanu, Ciprian"]
[Black "Rodriguez Lopez, Rafael"]
[Result "1/2-1/2"]
[WhiteElo "2434"]
[BlackElo "2230"]
[PlyCount "107"]
[EventDate "2005.08.21"]
[EventType "swiss"]
[EventRounds "9"]
[EventCountry "ESP"]
[Source "lmi"]
[SourceDate "2005.08.30"]

1. e4 e5 2. Nf3 Nc6 3. Bb5 a6 4. Bxc6 dxc6 5. O-O Qf6 6. d4 exd4 7. Qxd4 Qxd4
8. Nxd4 Bd7 9. Nc3 O-O-O 10. Be3 Ne7 11. Rad1 Ng6 12. Nf5 Ne5 13. b3 f6 14. h3
g6 15. Ng3 Bb4 16. Nce2 Rhe8 17. Bd4 Be7 18. Nf4 b6 19. h4 Bd6 20. Nge2 Kb7 21.
Nd3 Nxd3 22. cxd3 Be7 23. h5 c5 24. Bb2 Be6 25. Nf4 Bf7 26. hxg6 hxg6 27. Rfe1
Bd6 28. g3 Be5 29. Bxe5 Rxe5 30. Ng2 Re6 31. f4 Red6 32. Re3 c4 33. e5 fxe5 34.
fxe5 Rxd3 35. Rexd3 Rxd3 36. Rxd3 cxd3 37. Kf2 Kc6 38. Nf4 g5 39. Nh3 Kd5 40.
Nxg5 Bh5 41. Ke3 Kxe5 42. Kxd3 c5 43. Ke3 Bg6 44. Nf3+ Kf6 45. Nd2 Kg5 46. Nc4
b5 47. Ne5 Bb1 48. a3 b4 49. axb4 cxb4 50. Nc6 Ba2 51. Nd4 Kg4 52. Kf2 a5 53.
Nc6 Bxb3 54. Nxa5 1/2-1/2

[Event "5. Aberto Vila de Marín"]
[Site "Marin ESP"]
[Date "2005.08.29"]
[Round "9.4"]
[White "Diaz Nuñez, Adolfo"]
[Black "Dimitrov, Vladimir"]
[Result "0-1"]
[WhiteElo "2205"]
[BlackElo "2418"]
[PlyCount "102"]
[EventDate "2005.08.21"]
[EventType "swiss"]
[EventRounds "9"]
[EventCountry "ESP"]
[Source "lmi"]
[SourceDate "2005.08.30"]

1. Nf3 c5 2. c4 g6 3. Nc3 Bg7 4. e3 Nf6 5. d4 O-O 6. Be2 cxd4 7. exd4 d5 8. O-O
Nc6 9. c5 Ne4 10. Be3 Nxc3 11. bxc3 b6 12. c4 dxc4 13. Bxc4 Bg4 14. Be2 bxc5
15. dxc5 Bxa1 16. Qxa1 e5 17. h3 Bxf3 18. Bxf3 Rc8 19. Bxc6 Rxc6 20. Qxe5 Re8
21. Qc3 Qd5 22. Qa3 Re7 23. Rb1 g5 24. Rb8+ Kg7 25. Qb2+ f6 26. Rb7 Rcc7 27.
Rb3 Kg6 28. Qc2+ Qe4 29. Qxe4+ Rxe4 30. Ra3 h5 31. g3 Rc4 32. Kg2 g4 33. h4 Rc2
34. Ra6 Rc4 35. Bg5 Rf7 36. Be3 Kf5 37. c6 Rc7 38. Ra5+ Kg6 39. Bxa7 R7xc6 40.
Be3 Re4 41. Ra3 Rc2 42. Kf1 Rec4 43. Ra6 Rc6 44. Ra5 Rb2 45. a3 Rd6 46. Ke1 Ra2
47. Ra4 Rd3 48. Bc5 Rb3 49. Rd4 Rc3 50. Bb6 Rb2 51. Ba7 Rc7 0-1

[Event "5. Aberto Vila de Marín"]
[Site "Marin ESP"]
[Date "2005.08.29"]
[Round "9.5"]
[White "Garcia Castro, Pablo"]
[Black "Sande Edreira, Jose"]
[Result "0-1"]
[WhiteElo "2377"]
[BlackElo "2264"]
[PlyCount "108"]
[EventDate "2005.08.21"]
[EventType "swiss"]
[EventRounds "9"]
[EventCountry "ESP"]
[Source "lmi"]
[SourceDate "2005.08.30"]

1. e4 c5 2. Nc3 g6 3. g3 Bg7 4. Bg2 Nc6 5. d3 e5 6. Be3 d6 7. Qd2 Nge7 8. Bh6
O-O 9. Bxg7 Kxg7 10. Nge2 Nd4 11. O-O Be6 12. f4 f6 13. Rf2 Qd7 14. Raf1 Rae8
15. h4 Bg4 16. Nc1 b6 17. Kh2 h5 18. Nd1 exf4 19. gxf4 f5 20. Ne3 Rf7 21. c3
Ne6 22. Ne2 Ref8 23. Ng3 Qd8 24. Bh3 d5 25. exf5 gxf5 26. Bxg4 hxg4 27. Qe2 Ng6
28. Nexf5+ Rxf5 29. Nxf5+ Rxf5 30. Qxe6 Qxh4+ 31. Kg1 Rh5 32. Re2 g3 33. Kg2
Qh2+ 34. Kf3 g2 35. Qxg6+ Kxg6 36. Rxg2+ Kf5 37. Rxh2 Rxh2 38. Rf2 Rxf2+ 39.
Kxf2 Kxf4 40. a4 d4 41. Ke2 Kg3 42. Kd1 Kf3 43. Kd2 a5 44. b3 Kf2 45. Kd1 Ke3
46. Kc2 Ke2 47. b4 Ke3 48. cxd4 cxd4 49. bxa5 bxa5 50. Kc1 Kxd3 51. Kd1 Kc3 52.
Kc1 d3 53. Kd1 d2 54. Ke2 Kc2 0-1

[Event "5. Aberto Vila de Marín"]
[Site "Marin ESP"]
[Date "2005.08.29"]
[Round "9.6"]
[White "Iotov, Valentin"]
[Black "De la Fuente Arias, Fernando"]
[Result "1-0"]
[WhiteElo "2447"]
[BlackElo "2185"]
[PlyCount "39"]
[EventDate "2005.08.21"]
[EventType "swiss"]
[EventRounds "9"]
[EventCountry "ESP"]
[Source "lmi"]
[SourceDate "2005.08.30"]

1. d4 d5 2. Nf3 Nf6 3. c4 e6 4. Nc3 c6 5. Bg5 dxc4 6. e4 h6 7. Bxf6 Qxf6 8.
Bxc4 Nd7 9. O-O e5 10. dxe5 Nxe5 11. Nxe5 Qxe5 12. Qb3 Qh5 13. Nb5 cxb5 14.
Bxb5+ Ke7 15. e5 f6 16. Qd5 fxe5 17. Rae1 Kf6 18. f4 Bb4 19. fxe5+ Ke7 20. Qc4
1-0

[Event "5. Aberto Vila de Marín"]
[Site "Marin ESP"]
[Date "2005.08.29"]
[Round "9.7"]
[White "Danilov, Vladimir"]
[Black "Vega Gomez, Francisco Borja"]
[Result "1/2-1/2"]
[WhiteElo "2363"]
[BlackElo "1983"]
[PlyCount "76"]
[EventDate "2005.08.21"]
[EventType "swiss"]
[EventRounds "9"]
[EventCountry "ESP"]
[Source "lmi"]
[SourceDate "2005.08.30"]

1. d4 Nf6 2. Nf3 g6 3. g3 Bg7 4. Bg2 O-O 5. O-O d5 6. c4 c6 7. cxd5 cxd5 8. Nc3
Nc6 9. h3 Ne4 10. Bf4 Nxc3 11. bxc3 Na5 12. Re1 b6 13. Rc1 Ba6 14. Nd2 Rc8 15.
Qa4 Bb7 16. Nb3 Bc6 17. Qb4 Nc4 18. Nd2 Ba8 19. Nxc4 Rxc4 20. Qa3 Qd7 21. Bf1
Rcc8 22. Qb3 Bc6 23. Bg2 e6 24. h4 Rfe8 25. Qb2 Bb5 26. e4 Bc4 27. Qd2 dxe4 28.
Rxe4 Bd5 29. Re2 Bxg2 30. Kxg2 e5 31. dxe5 Qxd2 32. Bxd2 Rxe5 33. Rxe5 Bxe5 34.
Kf3 f5 35. Ke2 Kf7 36. Kd3 Bd6 37. Be3 Bc5 38. Bxc5 Rxc5 1/2-1/2

[Event "5. Aberto Vila de Marín"]
[Site "Marin ESP"]
[Date "2005.08.29"]
[Round "9.9"]
[White "Carril Gonzalez, Angel"]
[Black "Sanchez Aller, Fernando"]
[Result "0-1"]
[WhiteElo "2110"]
[BlackElo "2261"]
[PlyCount "56"]
[EventDate "2005.08.21"]
[EventType "swiss"]
[EventRounds "9"]
[EventCountry "ESP"]
[Source "lmi"]
[SourceDate "2005.08.30"]

1. f4 e5 2. fxe5 d6 3. Nf3 Nc6 4. e4 dxe5 5. Bc4 Bc5 6. c3 Nf6 7. d4 exd4 8. e5
Ng4 9. Bg5 Be7 10. Bf4 Ne3 11. Bxe3 dxe3 12. Qe2 Bc5 13. Bxf7+ Kxf7 14. Qc4+
Kg6 15. Qxc5 Bg4 16. Qxe3 Bxf3 17. Qxf3 Qh4+ 18. g3 Nxe5 19. Qe3 Qc4 20. Na3
Qd3 21. Qxd3+ Nxd3+ 22. Kd2 Rad8 23. Kc2 Rhe8 24. Kb3 Re2 25. Rab1 b5 26. Rhd1
c6 27. h4 a5 28. Rxd3 Rxd3 0-1

[Event "5. Aberto Vila de Marín"]
[Site "Marin ESP"]
[Date "2005.08.29"]
[Round "9.10"]
[White "Garcia Carbo, Marcial"]
[Black "Peña Torres, Jose Carlos"]
[Result "1-0"]
[WhiteElo "2355"]
[BlackElo "2110"]
[PlyCount "105"]
[EventDate "2005.08.21"]
[EventType "swiss"]
[EventRounds "9"]
[EventCountry "ESP"]
[Source "lmi"]
[SourceDate "2005.08.30"]

1. e4 e6 2. d4 d5 3. Nd2 c5 4. exd5 exd5 5. Ngf3 Nc6 6. Bb5 Bd6 7. dxc5 Bxc5 8.
O-O Nge7 9. Nb3 Bd6 10. Re1 O-O 11. Bd3 Qc7 12. h3 Nb4 13. Nbd4 Nxd3 14. Qxd3
Bd7 15. Bg5 Rfe8 16. c3 Ng6 17. Nf5 Bc5 18. Rad1 h6 19. Bc1 Nf4 20. Bxf4 Qxf4
21. N3d4 Re4 22. Rxe4 dxe4 23. Qg3 Qxg3 24. Nxg3 Re8 25. Nb3 Ba4 26. Rd5 Bxb3
27. axb3 Bb6 28. Kf1 g6 29. Rd7 e3 30. f3 Re5 31. f4 Ra5 32. Rxb7 Ra2 33. f5
Rxb2 34. fxg6 Rf2+ 35. Ke1 fxg6 36. Ne4 Rxg2 37. Nf6+ Kf8 38. Nd7+ Ke8 39. Nxb6
axb6 40. Rxb6 Rc2 41. Re6+ Kd7 42. Rxe3 g5 43. c4 Rb2 44. Kd1 Kd6 45. Kc1 Rg2
46. b4 h5 47. c5+ Kd5 48. Rc3 g4 49. hxg4 Rxg4 50. c6 Rg8 51. c7 Rc8 52. b5 h4
53. b6 1-0